Statistiques concernant One Piece : Paramecia

Cliquez ici pour prendre le quiz!

Statistiques générales

  • Ce quiz a été pris 47 fois
  • Le résultat moyen est 9 sur 22

Statistiques - réponses

LieuRéponse% Correct
Orange townBaggy
79%
JayaBellamy
71%
AlabastaRobin
71%
Wiskey PeakGem (Mr 5)
66%
BateauBonclay (Mr 2)
61%
Wiskey PeakMikita (Miss Valentine)
61%
Long ring long landFoxy
58%
Romance DownAlvida
55%
Little GardenGaldino (Mr 3)
50%
Salle de réunionDoflamingo
47%
AlabastaZala (Miss double finger)
45%
Salle de réunionKuma
39%
BateauWapol
37%
AlabastaDaz Bonez
34%
JayaMarsall D Teach (Barbe noir)
24%
BateauBarbe blanche (Edward Newgate)
21%
BateauHina
21%
BateauBurgess
16%
BateauDoc Q
16%
BateauJoz
13%
BateauVan augur
13%
Salle de réunionTsuru
11%

Distribution des résultats

Percentile par nombre de réponses

% des personnes avec chaque résultat

Votre développement - résultats

Vous n’avez pas pris ce quiz